000 01074nam a22002777a 4500
005 20260428125315.0
008 260428b |||||||| |||| 00| 0 eng d
020 _a9780190126827
020 _a9780190126834
020 _a9780190126841
020 _a9780190127886
020 _a9780190127893
037 _cFLL
040 _aFLL
_cFLL
050 _aeng
084 _aV2y7M91 R1.1
245 _aB.R.Ambedkar The Quest for Justice
250 _a1st.
260 _aNew Delhi
_bOxford
_c2021
300 _a5v(xxxviii,284;xxxvii,315;xxxv,278;xvii,259;xxix,288)
500 _av1-Political Justice(LL1943477)(V2y7M91 R1.1) v2-Social Justice(LL1943478)(V2y7M91 R1.2) V3-Legal and Economic Justice(LL1943479)(V2y7M91 R1.3) V4-Gender and Racial Justice(LL1943480)(V2y7M91 R1.4) v5-Religious and Cultural Justice(LL1943481)(V2y7M91 R1.5)
650 _aPolitical Justice, Social Justice, Economic Justice,Gender & Racial Justice,Religious & Cultural Justice
_91235889
700 _aRathore, Akash Singh(ed.)
_91235853
760 _b1st.
942 _2CC
_cREF
_n0
999 _c1848591
_d1848591